00873nam a22002057a 4500003000200000005001700002008004100019050002900060100004500089245013500134260007200269300003700341504004100378650003800419650004500457650002300502650004500525650003100570651006600601020250113154436.0241107b xxu||||| |||| 00| 0 eng d aPHS DS 679.5b.C115 2024 aCabiles, John Matthew Bryan S.,eauthor. aAgaw-armas :bFilipino military weapons and tactics during the Philippine Revolution (1896-1898) /cJohn Matthew Bryan S. Cabiles. aLas Piñas :bSouthville International School and Colleges,c2024. av, 142 p. :bcol. ill. ;c30 cm. aIncludes bibliographical references. aPhilippine Revolution, 1896-1898. aWeapons, MilitaryvHistory.zPhilippines aTactics, Military. aGuerrilla warfarevHistory.zPhilippines aArms & armorzPhilippines. aPhilippinesvHistoryzRevolution, 1896-1898xMilitary aspects